LIBRARY ONLINE CATALOGUE

Relationship between social media usage and self-esteem among undergraduate students of Kabarak University (Record no. 18758)

MARC details
000 -LEADER
fixed length control field 00447nam a22001217a 4500
008 - FIXED-LENGTH DATA ELEMENTS--GENERAL INFORMATION
fixed length control field 210209b xxu||||| |||| 00| 0 eng d
050 ## - LIBRARY OF CONGRESS CALL NUMBER
Classification number GMEC1303
Item number .M84 2017 c.1
100 ## - MAIN ENTRY--PERSONAL NAME
Personal name Muge, Loice Jeruto
245 ## - TITLE STATEMENT
Title Relationship between social media usage and self-esteem among undergraduate students of Kabarak University
Statement of responsibility, etc. Loice Jeruto Muge
260 ## - PUBLICATION, DISTRIBUTION, ETC. (IMPRINT)
Place of publication, distribution, etc. Kabarak, Nakuru, Kenya
Name of publisher, distributor, etc. Kabarak, University
Date of publication, distribution, etc. 2017
300 ## - PHYSICAL DESCRIPTION
Extent 111 leaves
942 ## - ADDED ENTRY ELEMENTS (KOHA)
Source of classification or shelving scheme Library of Congress Classification
Koha item type Thesis, Dissertation and Projecs
Holdings
Withdrawn status Lost status Source of classification or shelving scheme Not for loan Home library Current library Date acquired Total Checkouts Full call number Barcode Date last seen Price effective from Koha item type
    Library of Congress Classification   Kabarak, Main Campus Kabarak, Main Campus 09/02/2021   GMEC1303 .M84 2017 c.1 029479 09/02/2021 09/02/2021 Thesis, Dissertation and Projecs
    Library of Congress Classification   Kabarak, Main Campus Kabarak, Main Campus 09/02/2021   GMEC1303 .M84 2017 c.2 029589 09/02/2021 09/02/2021 Thesis, Dissertation and Projecs